| Tag |
First Indicator |
Second Indicator |
Subfields |
| LEADER |
00000cas a2200000 4500 |
| 001 |
in00000065613 |
| 005 |
20151007083509.0 |
| 008 |
800429d19591961nvumr p 0uuua0eng d |
| 035 |
|
|
|a (OCoLC)06257167
|
| 035 |
|
|
|9 AAF9455AM
|
| 040 |
|
|
|a TXA
|c TXA
|d UtOrBLW
|
| 049 |
|
|
|a TXAS
|
| 090 |
|
|
|a SF85
|b .R3
|
| 245 |
0 |
0 |
|a Livestock & range review.
|
| 264 |
|
1 |
|a [Reno] :
|b Agricultural Extension Service, Max C. Fleischmann College of Agriculture, University of Nevada.
|
| 300 |
|
|
|a 2 volumes :
|b illustrations
|a monthly.
|
| 336 |
|
|
|a text
|b txt
|2 rdacontent
|
| 337 |
|
|
|a unmediated
|b n
|2 rdamedia
|
| 338 |
|
|
|a volume
|b nc
|2 rdacarrier
|
| 362 |
0 |
|
|a Aug. 1959-March 1961.
|
| 650 |
|
0 |
|a Range management
|z Nevada.
|
| 650 |
|
0 |
|a Rangelands
|x Research
|x Periodicals.
|
| 650 |
|
0 |
|a Livestock
|z Nevada.
|
| 710 |
2 |
|
|a University of Nevada.
|b Agricultural Extension Service.
|
| 785 |
0 |
0 |
|t Range & livestock management
|
| 999 |
|
|
|a MARS
|
| 999 |
f |
f |
|s f0b383a1-2048-32e5-9011-af39983d36db
|i ae0211b2-5b2c-34f3-91a9-55dee34877d7
|t 0
|
| 952 |
f |
f |
|p noncirc
|a Texas A&M University
|b College Station
|c Cushing Memorial Library & Archives
|d Cushing: Dykes (Does not check out)
|t 0
|e SF85 .R3
|h Library of Congress classification
|i unmediated -- volume
|
| 998 |
f |
f |
|a SF85 .R3
|s 1959:Aug.-1961:Mar.
|t 0
|l Cushing: Dykes (Does not check out)
|